<?xml version="1.0" encoding="UTF-8"?>
<record
    xmlns:xsi="http://www.w3.org/2001/XMLSchema-instance"
    xsi:schemaLocation="http://www.loc.gov/MARC21/slim http://www.loc.gov/standards/marcxml/schema/MARC21slim.xsd"
    xmlns="http://www.loc.gov/MARC21/slim">

  <leader>00530nam a22002057a 4500</leader>
  <controlfield tag="003">OSt</controlfield>
  <controlfield tag="008">250821b        |||||||| |||| 00| 0 eng d</controlfield>
  <datafield tag="020" ind1=" " ind2=" ">
    <subfield code="a">9789355402295</subfield>
  </datafield>
  <datafield tag="082" ind1=" " ind2=" ">
    <subfield code="a">595.717</subfield>
    <subfield code="b">V69I</subfield>
  </datafield>
  <datafield tag="100" ind1=" " ind2=" ">
    <subfield code="a">Viji, C. P.</subfield>
  </datafield>
  <datafield tag="245" ind1=" " ind2=" ">
    <subfield code="a">Insect Ecology and Behaviour / </subfield>
    <subfield code="c">by C. P. Viji; K. Phani Kumar and V. Sudha Vani</subfield>
  </datafield>
  <datafield tag="650" ind1=" " ind2=" ">
    <subfield code="a">Pure Sciences</subfield>
  </datafield>
  <datafield tag="650" ind1=" " ind2=" ">
    <subfield code="a">Animals</subfield>
  </datafield>
  <datafield tag="650" ind1=" " ind2=" ">
    <subfield code="a">Insects</subfield>
  </datafield>
  <datafield tag="650" ind1=" " ind2=" ">
    <subfield code="a">Ecology</subfield>
  </datafield>
  <datafield tag="650" ind1=" " ind2=" ">
    <subfield code="a">Behaviour</subfield>
  </datafield>
  <datafield tag="700" ind1=" " ind2=" ">
    <subfield code="a">Kumar, K. Phani.</subfield>
  </datafield>
  <datafield tag="700" ind1=" " ind2=" ">
    <subfield code="a">Vani, V. Sudha.</subfield>
  </datafield>
  <datafield tag="942" ind1=" " ind2=" ">
    <subfield code="2">ddc</subfield>
    <subfield code="c">BK</subfield>
    <subfield code="0">21</subfield>
  </datafield>
  <datafield tag="999" ind1=" " ind2=" ">
    <subfield code="c">48764</subfield>
    <subfield code="d">48764</subfield>
  </datafield>
  <datafield tag="952" ind1=" " ind2=" ">
    <subfield code="0">0</subfield>
    <subfield code="1">0</subfield>
    <subfield code="2">ddc</subfield>
    <subfield code="4">0</subfield>
    <subfield code="7">0</subfield>
    <subfield code="a">RAU</subfield>
    <subfield code="b">RAU</subfield>
    <subfield code="d">2025-08-21</subfield>
    <subfield code="e">TTPP, New Delhi</subfield>
    <subfield code="g">325.00</subfield>
    <subfield code="l">4</subfield>
    <subfield code="o">595.717 V69I</subfield>
    <subfield code="p">85203</subfield>
    <subfield code="r">2026-03-14</subfield>
    <subfield code="s">2026-02-27</subfield>
    <subfield code="w">2025-07-14</subfield>
    <subfield code="y">BK</subfield>
    <subfield code="k">TTPP/110/2025-26</subfield>
  </datafield>
  <datafield tag="952" ind1=" " ind2=" ">
    <subfield code="0">0</subfield>
    <subfield code="1">0</subfield>
    <subfield code="2">ddc</subfield>
    <subfield code="4">0</subfield>
    <subfield code="7">0</subfield>
    <subfield code="a">RAU</subfield>
    <subfield code="b">RAU</subfield>
    <subfield code="d">2025-08-21</subfield>
    <subfield code="e">TTPP, New Delhi</subfield>
    <subfield code="g">325.00</subfield>
    <subfield code="l">4</subfield>
    <subfield code="o">595.717 V69I</subfield>
    <subfield code="p">85204</subfield>
    <subfield code="r">2026-03-23</subfield>
    <subfield code="s">2026-03-16</subfield>
    <subfield code="w">2025-07-14</subfield>
    <subfield code="y">BK</subfield>
    <subfield code="k">TTPP/110/2025-26</subfield>
  </datafield>
  <datafield tag="952" ind1=" " ind2=" ">
    <subfield code="0">0</subfield>
    <subfield code="1">0</subfield>
    <subfield code="2">ddc</subfield>
    <subfield code="4">0</subfield>
    <subfield code="7">0</subfield>
    <subfield code="a">RAU</subfield>
    <subfield code="b">RAU</subfield>
    <subfield code="d">2025-08-21</subfield>
    <subfield code="e">TTPP, New Delhi</subfield>
    <subfield code="g">325.00</subfield>
    <subfield code="l">4</subfield>
    <subfield code="o">595.717 V69I</subfield>
    <subfield code="p">85205</subfield>
    <subfield code="r">2026-03-25</subfield>
    <subfield code="s">2026-03-14</subfield>
    <subfield code="w">2025-07-14</subfield>
    <subfield code="y">BK</subfield>
    <subfield code="k">TTPP/110/2025-26</subfield>
  </datafield>
  <datafield tag="952" ind1=" " ind2=" ">
    <subfield code="0">0</subfield>
    <subfield code="1">0</subfield>
    <subfield code="2">ddc</subfield>
    <subfield code="4">0</subfield>
    <subfield code="7">0</subfield>
    <subfield code="a">RAU</subfield>
    <subfield code="b">RAU</subfield>
    <subfield code="d">2025-08-21</subfield>
    <subfield code="e">TTPP, New Delhi</subfield>
    <subfield code="g">325.00</subfield>
    <subfield code="l">4</subfield>
    <subfield code="o">595.717 V69I</subfield>
    <subfield code="p">85206</subfield>
    <subfield code="r">2026-03-17</subfield>
    <subfield code="s">2026-03-09</subfield>
    <subfield code="w">2025-07-14</subfield>
    <subfield code="y">BK</subfield>
    <subfield code="k">TTPP/110/2025-26</subfield>
  </datafield>
  <datafield tag="952" ind1=" " ind2=" ">
    <subfield code="0">0</subfield>
    <subfield code="1">0</subfield>
    <subfield code="2">ddc</subfield>
    <subfield code="4">0</subfield>
    <subfield code="7">0</subfield>
    <subfield code="a">RAU</subfield>
    <subfield code="b">RAU</subfield>
    <subfield code="d">2025-08-21</subfield>
    <subfield code="e">TTPP, New Delhi</subfield>
    <subfield code="g">325.00</subfield>
    <subfield code="l">5</subfield>
    <subfield code="o">595.717 V69I</subfield>
    <subfield code="p">85207</subfield>
    <subfield code="r">2026-03-17</subfield>
    <subfield code="s">2026-03-16</subfield>
    <subfield code="w">2025-07-14</subfield>
    <subfield code="y">BK</subfield>
    <subfield code="k">TTPP/110/2025-26</subfield>
  </datafield>
</record>
